Dotácie určené len pre mestá a obce

Programové dokumenty vlády o bytovej výstavbe a politike štátu. Typy programov pre výstavbu nájomných bytov vo verejnom nájomnom sektore. Program poskytovania dotácií. Úverové programy. Výstavba technickej infraštruktúry. Obnova bytového fondu.

Salvato in:
Dettagli Bibliografici
Autore principale: Čuda, Ľubor
Natura: Capitolo di libro
Lingua:slovacco
Soggetti:
Tags: Aggiungi Tag
Nessun Tag, puoi essere il primo ad aggiungerne!!

MARC

LEADER 00000naa a2200000 4500
001 r041813
005 20230927092643.1
041 0 |a slo 
044 |a SK 
245 1 0 |a Dotácie určené len pre mestá a obce  |c Ľubor Čuda 
520 |a Programové dokumenty vlády o bytovej výstavbe a politike štátu. Typy programov pre výstavbu nájomných bytov vo verejnom nájomnom sektore. Program poskytovania dotácií. Úverové programy. Výstavba technickej infraštruktúry. Obnova bytového fondu. 
610 2 0 |a politika bytová 
610 2 0 |a programy vládne 
610 2 0 |a výstavba bytová 
610 2 0 |a dotácie 
610 2 0 |a úverovanie 
610 2 0 |a Slovensko 
100 1 |a Čuda, Ľubor